00720 2200277 4500001002100000005001700021008004100038020001800079035002400097082001000121090001700131100001200148245006200160250001100222260003100233300003100264500003100295650002500326700001300351850001500364980001500379985000600394986001200400999001500412999001500427YOGYA-0209000003748420090227025246.0 ind  a979-3235-18-7 0010-020900000037484 a495.1 a495.1bSup K aSUPARTO aKemiripan aksara mandarincSuparto ; ilustrator, Tauvicks aCet. 1 aJakartabPuspa Swarac2002 axxii, 291 hlmbilusc21 cm aBibliografi : hlm. 271-273 aBahasa Cina - Aksara aTauvicks aYOPDYOG(M) a04-27-2006 a2 aMrrtrev a05B0009755 a05B0009756